| 000 | 00717nam a2200229 i 4500 | ||
|---|---|---|---|
| 001 | bg | ||
| 245 | 0 | 0 |
_aPrawo bankowe : _bkomentarz : praca zbiorowa / _cpod red. nauk. Wojciecha Góralczyka ; [aut. Barbara Andrzejuk et al.]. |
| 250 | _aStan prawny na 25 września 1999 r. | ||
| 260 |
_aWarszawa : _bTwigger, _c1999. |
||
| 300 |
_a595 s. ; _c24 cm. |
||
| 504 | _aSpis aktów wykonawczych s. 594-595. | ||
| 650 | 9 |
_aBanki _xprawo _zPolska _ystan na 1999 r. |
|
| 700 | 1 |
_aGÓRALCZYK, Wojciech. _eRed. |
|
| 700 | 1 | _aANDRZEJUK, Barbara | |
| 020 | _a838594673X | ||
| 040 | _cBPK | ||
| 041 | 0 | _apl | |
| 080 | _a347.734(438) | ||
| 920 | _a83-85946-73-X | ||
| 942 | _cKS | ||
| 008 | s pl f |000 0 pol | ||
| 999 |
_c36028 _d36028 |
||
| 856 |
_uhttp://koha.tu.koszalin.pl/cgi-bin/koha/opac-detail.pl?biblionumber=36028 _yKatalog online BPK |
||